000 00677cam a2200241 4500
999 _c522855
_d522855
001 3108722
003 NUST
005 20190124144533.0
008 860317s1936 cau 000 0 eng
010 _aa 36000476
020 _a9780141441512
038 _aTanveer
040 _aDLC
_cDLC
_dDLC
050 0 0 _aPR6023.A93
_bW6536 1936
082 0 0 _a823.912
_bLAW
100 1 _aLawrence, D. H.
_q(David Herbert),
_913169
245 1 0 _aWomen in Love /
_cD.H. Lawrence
260 _aNew York :
_bBantam Books,
_c2006.
300 _a558 p.
_c18 cm.
600 1 0 _aLawrence, D. H.
_tWomen in love.
_913170
906 _a7
_bcbc
_corignew
_d2
_encip
_f19
_gy-gencatlg
942 _2ddc
_cBK